[Event "Bundesliga 1112"]
[Site "Germany"]
[Date "2011.11.19"]
[Round "4.5"]
[White "Hector, Jonny"]
[Black "Appel, Ralf"]
[Result "1-0"]
[WhiteElo "2575"]
[BlackElo "2529"]
[PlyCount "111"]
[EventDate "2011.10.14"]
[EventType "team-tourn"]
[EventRounds "15"]
[EventCountry "GER"]
[SourceTitle "CBM 146"]
[Source "ChessBase"]
[SourceDate "2012.01.18"]
[SourceVersion "1"]
[SourceVersionDate "2012.01.18"]
[SourceQuality "1"]
[WhiteTeam "Emsdetten Turm"]
[BlackTeam "Wattenscheid"]
[WhiteTeamCountry "GER"]
[BlackTeamCountry "GER"]

1. e4 Nf6 2. e5 Nd5 3. d4 d6 4. c4 Nb6 5. f4 dxe5 6. fxe5 Nc6 7. Be3 Bf5 8. Nc3 e6 9. Nf3 Be7 10. d5 Nb4 11. Rc1 exd5 12. a3 c5 13. axb4 d4 14. Bxd4 cxd4 15. Nxd4 Qb8 16. Qe2 Be6 17. Nxe6 fxe6 18. c5 Nd7 19. Qe4 0-0 20. Bc4 Nxe5 21. Bxe6+ Kh8 22. Nd5 Re8 23. 0-0 Bg5 24. Rce1 Rxe6 25. Qf5 Nf3+ 26. Qxf3 Rxe1 27. Rxe1 Qg8 28. b5 Re8 29. Rxe8 Qxe8 30. g3 h6 31. h4 Bd2 32. Qd3 Bb4 33. Qc4 Ba5 34. Kg2 Qe5 35. b4 Bd8 36. Nf4 Qb2+ 37. Kh3 Qb1 38. Qd5 Bc7 39. Kg4 Qxb4 40. c6 bxc6 41. bxc6 a5 42. Qd7 Qd6 43. Qe8+ Kh7 44. Kh3 Bb8 45. h5 Bc7 46. Qg6+ Qxg6 47. hxg6+ Kg8 48. Ne6 Bd6 49. c7 Bxc7 50. Nxc7 a4 51. Nb5 Kf8 52. Kg4 Ke7 53. Kf5 Kd7 54. g4 Ke7 55. Ke5 Kd7 56. Na3 1-0

[Event "Bundesliga 1112"]
[Site "Germany"]
[Date "2011.10.16"]
[Round "3.6"]
[White "Appel, Ralf"]
[Black "Muse, Drazen"]
[Result "1-0"]
[WhiteElo "2529"]
[BlackElo "2388"]
[PlyCount "109"]
[EventDate "2011.10.14"]
[EventType "team-tourn"]
[EventRounds "15"]
[EventCountry "GER"]
[SourceTitle "CBM 145"]
[Source "ChessBase"]
[SourceDate "2011.11.11"]
[SourceVersion "1"]
[SourceVersionDate "2011.11.11"]
[SourceQuality "1"]
[WhiteTeam "Wattenscheid"]
[BlackTeam "Koenig Tegel"]
[WhiteTeamCountry "GER"]
[BlackTeamCountry "GER"]

1. Nf3 g6 2. g3 Bg7 3. Bg2 e5 4. e4 c5 5. d3 Nc6 6. Nc3 Nge7 7. h4 h6 8. Nd2 d6 9. Nc4 Nd4 10. h5 g5 11. Ne3 Rb8 12. a4 a6 13. Ncd5 Nxd5 14. Nxd5 Be6 15. c3 Bxd5 16. exd5 Nf5 17. a5 Bf6 18. Qa4+ Kf8 19. Qg4 Ng7 20. Bh3 Be7 21. Qf3 Kg8 22. Be3 Qf8 23. g4 f5 24. gxf5 Qf6 25. Ra3 Kh7 26. Bg4 Rhf8 27. Qe4 Kh8 28. Rh3 Rf7 29. Rf3 Rc8 30. Kf1 Rc7 31. Kg2 Rf8 32. b4 cxb4 33. cxb4 Rfc8 34. b5 axb5 35. Rb3 Rc5 36. Bxc5 Rxc5 37. a6 bxa6 38. Ra3 Ne8 39. Rxa6 Nc7 40. Rc6 Rxc6 41. dxc6 d5 42. Qe1 Qxc6 43. d4 e4 44. Rc3 Qb6 45. Qc1 Bd8 46. Rc6 Qxd4 47. Rd6 Be7 48. Rxh6+ Kg7 49. f6+ Kxh6 50. fxe7 Qc4 51. Qa1 d4 52. Qa6+ Nxa6 53. e8Q Kg7 54. h6+ Kxh6 55. Qf8+ 1-0

[Event "POR-chT"]
[Site "Torres Vedras"]
[Date "2011.07.24"]
[Round "2.4"]
[White "Fernandes, Antonio ETG"]
[Black "Appel, Ralf"]
[Result "0-1"]
[WhiteElo "2417"]
[BlackElo "2522"]
[PlyCount "69"]
[EventDate "2011.07.23"]
[EventType "team-swiss"]
[EventRounds "9"]
[EventCountry "POR"]
[SourceTitle "CBM 143 Extra"]
[Source "ChessBase"]
[SourceDate "2011.08.29"]
[SourceVersion "1"]
[SourceVersionDate "2011.08.29"]
[SourceQuality "1"]
[WhiteTeam "Diana"]
[BlackTeam "Albufeira"]
[WhiteTeamCountry "POR"]
[BlackTeamCountry "POR"]

1. d4 Nf6 2. c4 e6 3. g3 Bb4+ 4. Bd2 Qe7 5. Bg2 Nc6 6. Nf3 Bxd2+ 7. Qxd2 Ne4 8. Qc2 Qb4+ 9. Kf1 d5 10. b3 0-0 11. e3 Qa5 12. Ne1 Nb4 13. Qb2 c5 14. dxc5 Qxc5 15. a3 Nc6 16. Qc2 Qb6 17. b4 a5 18. b5 Ne5 19. Bxe4 dxe4 20. Qxe4 Qc7 21. Nd2 b6 22. Nef3 Nd3 23. Qxd3 Bb7 24. Rg1 e5 25. Qc3 Rad8 26. c5 bxc5 27. Ke2 Qd7 28. a4 c4 29. Rac1 Qg4 30. Ke1 Rd3 31. Qxc4 Qd7 32. Rc2 Rd8 33. Qa2 Bd5 34. Qb1 Bb3 35. Qd1 0-1

[Event "Bundesliga 1011"]
[Site "Germany"]
[Date "2011.02.06"]
[Round "9.5"]
[White "Appel, Ralf"]
[Black "Margraf, Daniel"]
[Result "1-0"]
[WhiteElo "2547"]
[BlackElo "2264"]
[PlyCount "77"]
[EventDate "2010.10.09"]
[EventType "team-tourn"]
[EventRounds "15"]
[EventCountry "GER"]
[SourceTitle "EXT 2012"]
[Source "ChessBase"]
[SourceDate "2011.11.24"]
[SourceVersion "1"]
[SourceVersionDate "2011.11.24"]
[SourceQuality "1"]
[WhiteTeam "Wattenscheid"]
[BlackTeam "Delmenhorst"]
[WhiteTeamCountry "GER"]
[BlackTeamCountry "GER"]

1. Nf3 Nf6 2. d4 d5 3. c4 c6 4. Nc3 g6 5. cxd5 cxd5 6. Bf4 Nc6 7. e3 Bg7 8. Bd3 0-0 9. h3 Qb6 10. a3 a6 11. 0-0 Bf5 12. Na4 Qa7 13. Bxf5 gxf5 14. Qd3 b5 15. Nc5 Ne4 16. b4 e6 17. Rac1 Rfc8 18. Rc2 Ne7 19. Rfc1 Rc6 20. Ne5 Bxe5 21. Bxe5 f6 22. Bf4 Qb6 23. f3 Nxc5 24. dxc5 Qb7 25. Bd6 Nc8 26. Bg3 Ne7 27. e4 fxe4 28. fxe4 dxe4 29. Qxe4 Nf5 30. Be1 Kf7 31. g4 Rg8 32. Rg2 Ne7 33. Rd1 Rc7 34. Qxh7+ Rg7 35. Qd3 Nd5 36. Bg3 Rd7 37. Rf2 Kg8 38. Qe4 Nxb4 39. Qxe6+ 1-0

[Event "Bundesliga 1011"]
[Site "Germany"]
[Date "2010.12.12"]
[Round "6.5"]
[White "Appel, Ralf"]
[Black "Jussupow, Artur"]
[Result "1/2-1/2"]
[WhiteElo "2547"]
[BlackElo "2589"]
[PlyCount "107"]
[EventDate "2010.10.09"]
[EventType "team-tourn"]
[EventRounds "15"]
[EventCountry "GER"]
[SourceTitle "EXT 2012"]
[Source "ChessBase"]
[SourceDate "2011.11.24"]
[SourceVersion "1"]
[SourceVersionDate "2011.11.24"]
[SourceQuality "1"]
[WhiteTeam "Wattenscheid"]
[BlackTeam "Solingen"]
[WhiteTeamCountry "GER"]
[BlackTeamCountry "GER"]

1. Nf3 d5 2. c4 e6 3. d4 Nf6 4. Nc3 Be7 5. Bg5 h6 6. Bxf6 Bxf6 7. e3 0-0 8. Rc1 c6 9. h3 Nd7 10. Bd3 dxc4 11. Bxc4 e5 12. 0-0 exd4 13. exd4 Nb6 14. Bb3 Bf5 15. Re1 Re8 16. Ne5 Bxe5 17. dxe5 Qg5 18. Qf3 Nd7 19. Bxf7+ Kxf7 20. Ne4 Qg6 21. Nd6+ Kg8 22. Qxf5 Qxf5 23. Nxf5 Rxe5 24. Rxe5 Nxe5 25. Re1 Ng6 26. Ne7+ Nxe7 27. Rxe7 b6 28. Rd7 Re8 29. Kf1 Re5 30. Rxa7 Rc5 31. g3 Rc2 32. b3 c5 33. Kg2 b5 34. Ra5 b4 35. Kf3 Kf7 36. Kg4 Rxf2 37. Rxc5 Rxa2 38. Rb5 Rb2 39. Rxb4 Kg6 40. Rb6+ Kf7 41. h4 g6 42. Rb4 Kg7 43. Kf3 h5 44. Rb6 Rb1 45. b4 Rf1+ 46. Ke3 Rg1 47. Kf2 Rb1 48. b5 Rb3 49. Rb8 Kf6 50. Kg2 Kf5 51. Kh3 Rb2 52. b6 Kf6 53. Rb7 Ke6 54. Rb8 1/2-1/2

[Event "Bundesliga 1011"]
[Site "Germany"]
[Date "2010.11.13"]
[Round "3.5"]
[White "Appel, Ralf"]
[Black "Meier, Georg"]
[Result "1-0"]
[WhiteElo "2547"]
[BlackElo "2659"]
[PlyCount "99"]
[EventDate "2010.10.09"]
[EventType "team-tourn"]
[EventRounds "15"]
[EventCountry "GER"]
[SourceTitle "EXT 2012"]
[Source "ChessBase"]
[SourceDate "2011.11.24"]
[SourceVersion "1"]
[SourceVersionDate "2011.11.24"]
[SourceQuality "1"]
[WhiteTeam "Wattenscheid"]
[BlackTeam "Baden-Baden"]
[WhiteTeamCountry "GER"]
[BlackTeamCountry "GER"]

1. Nf3 Nf6 2. g3 d5 3. Bg2 Bf5 4. 0-0 e6 5. d3 Be7 6. Nbd2 0-0 7. Qe1 h6 8. e4 Bh7 9. Qe2 a5 10. Re1 Nc6 11. e5 Nd7 12. Nf1 b5 13. h4 b4 14. Bf4 a4 15. a3 bxa3 16. bxa3 Rb8 17. Qd2 Rb6 18. h5 Qa8 19. Ne3 Qa5 20. Qc1 Rfb8 21. Ng4 Rb2 22. Bxh6 gxh6 23. Nxh6+ Kg7 24. Qf4 Rf8 25. Ng5 Bxg5 26. Qxg5+ Kh8 27. Ng4 Rg8 28. Qf4 Rg7 29. Nf6 Nxf6 30. exf6 Rg8 31. Rxe6 Qc5 32. Rae1 Rbb8 33. R6e3 Rbc8 34. Bh3 d4 35. R3e2 Rcf8 36. Bd7 Nd8 37. Re5 Qxc2 38. Bf5 Bxf5 39. Rxf5 Kh7 40. Qe4 Qd2 41. Re2 Qc1+ 42. Kh2 Kh6 43. Re1 Qxa3 44. Re5 Qd6 45. Qf4+ Kh7 46. Qf5+ Kh6 47. g4 Rxg4 48. Qxg4 Qxf6 49. Rf5 Qd6+ 50. f4 1-0

[Event "Bundesliga 1011"]
[Site "Germany"]
[Date "2010.10.10"]
[Round "2.6"]
[White "Bulski, Krzysztof"]
[Black "Appel, Ralf"]
[Result "1-0"]
[WhiteElo "2459"]
[BlackElo "2547"]
[PlyCount "57"]
[EventDate "2010.10.09"]
[EventType "team-tourn"]
[EventRounds "15"]
[EventCountry "GER"]
[SourceTitle "EXT 2012"]
[Source "ChessBase"]
[SourceDate "2011.11.24"]
[SourceVersion "1"]
[SourceVersionDate "2011.11.24"]
[SourceQuality "1"]
[WhiteTeam "Griesheim"]
[BlackTeam "Wattenscheid"]
[WhiteTeamCountry "GER"]
[BlackTeamCountry "GER"]

1. e4 g6 2. d4 Bg7 3. Nc3 d6 4. f4 Nd7 5. Nf3 a6 6. Bd3 e6 7. 0-0 Ne7 8. a4 h6 9. Be3 0-0 10. Qd2 Nf6 11. Kh1 b6 12. Bf2 Bb7 13. e5 Nd7 14. Ne4 Nf5 15. c3 a5 16. Qe2 Qb8 17. b4 axb4 18. cxb4 Ne7 19. Be1 Nd5 20. Bd2 dxe5 21. fxe5 Ne7 22. a5 Nf5 23. a6 Bd5 24. b5 Rd8 25. Nc3 Nxd4 26. Nxd4 Nxe5 27. Nxd5 Rxd5 28. Be4 Rxd4 29. Bc3 1-0

[Event "Bundesliga 1011"]
[Site "Germany"]
[Date "2010.10.09"]
[Round "1.6"]
[White "Appel, Ralf"]
[Black "Cioara, Andrei Nestor"]
[Result "0-1"]
[WhiteElo "2547"]
[BlackElo "2426"]
[PlyCount "48"]
[EventDate "2010.10.09"]
[EventType "team-tourn"]
[EventRounds "15"]
[EventCountry "GER"]
[SourceTitle "EXT 2012"]
[Source "ChessBase"]
[SourceDate "2011.11.24"]
[SourceVersion "1"]
[SourceVersionDate "2011.11.24"]
[SourceQuality "1"]
[WhiteTeam "Wattenscheid"]
[BlackTeam "Trier"]
[WhiteTeamCountry "GER"]
[BlackTeamCountry "GER"]

1. d4 Nf6 2. Nf3 e6 3. c4 b6 4. a3 Bb7 5. Nc3 d5 6. Bg5 Be7 7. e3 0-0 8. Rc1 Nbd7 9. cxd5 exd5 10. Be2 Ne4 11. Bxe7 Qxe7 12. b4 Nxc3 13. Rxc3 c6 14. 0-0 a5 15. b5 c5 16. dxc5 Nxc5 17. Qd4 Rac8 18. Rfc1 Nb3 19. Rxc8 Bxc8 20. Qc3 Nxc1 21. Qxc1 Bg4 22. h3 Rc8 23. Qb2 Bxf3 24. Bxf3 Qc5 0-1

[Event "POR-chT 52nd"]
[Site "Vila Nova de Gaia"]
[Date "2010.08.01"]
[Round "9.5"]
[White "Appel, Ralf"]
[Black "Ferreira, Jorge Viterbo"]
[Result "1/2-1/2"]
[WhiteElo "2544"]
[BlackElo "2324"]
[PlyCount "64"]
[EventDate "2010.07.24"]
[EventType "team-tourn"]
[EventRounds "9"]
[EventCountry "POR"]
[SourceTitle "EXT 2011"]
[Source "ChessBase"]
[SourceDate "2010.11.26"]
[SourceVersion "1"]
[SourceVersionDate "2010.11.26"]
[SourceQuality "1"]
[WhiteTeam "Albufeira"]
[BlackTeam "Dias Ferreira"]
[WhiteTeamCountry "POR"]
[BlackTeamCountry "POR"]

1. Nf3 Nf6 2. d4 g6 3. g3 Bg7 4. Bg2 0-0 5. 0-0 d5 6. c4 Nc6 7. cxd5 Nxd5 8. e4 Nb6 9. d5 Na5 10. Nc3 c6 11. Re1 e6 12. Bg5 f6 13. Bf4 cxd5 14. exd5 e5 15. Be3 Nac4 16. Bc5 Re8 17. Nd2 Nxd2 18. Qxd2 f5 19. Nb5 e4 20. d6 Re5 21. Rac1 Nd7 22. b4 Nxc5 23. Rxc5 Rxc5 24. bxc5 Bd7 25. Nc7 Rb8 26. f3 Qf6 27. Qd5+ Kh8 28. fxe4 Qc3 29. Rf1 Bc6 30. Qe6 Qxc5+ 31. Kh1 Rd8 32. exf5 Bxg2+ 1/2-1/2

[Event "POR-chT 52nd"]
[Site "Vila Nova de Gaia"]
[Date "2010.07.31"]
[Round "8.2"]
[White "Buhmann, Rainer"]
[Black "Appel, Ralf"]
[Result "1-0"]
[WhiteElo "2573"]
[BlackElo "2544"]
[PlyCount "89"]
[EventDate "2010.07.24"]
[EventType "team-tourn"]
[EventRounds "9"]
[EventCountry "POR"]
[SourceTitle "EXT 2011"]
[Source "ChessBase"]
[SourceDate "2010.11.26"]
[SourceVersion "1"]
[SourceVersionDate "2010.11.26"]
[SourceQuality "1"]
[WhiteTeam "Coimbra"]
[BlackTeam "Albufeira"]
[WhiteTeamCountry "POR"]
[BlackTeamCountry "POR"]

1. Nf3 c5 2. c4 g6 3. d4 cxd4 4. Nxd4 Bg7 5. e4 b6 6. Nc3 Bb7 7. Be3 d6 8. Be2 Nf6 9. f3 0-0 10. 0-0 Nbd7 11. Qd2 Rc8 12. Rac1 Re8 13. Rfd1 Qc7 14. Bf1 Qb8 15. b3 Rcd8 16. Qf2 Ba8 17. Qh4 a6 18. Nd5 e6 19. Nb4 Qc8 20. Ndc2 Bb7 21. Kh1 Qc7 22. Bf4 Bf8 23. Bg5 Be7 24. Ne3 Rc8 25. Nd3 Bd8 26. b4 Nh5 27. Bxd8 Qxd8 28. Qxd8 Rexd8 29. Nb2 Ne5 30. Na4 Rb8 31. Nxb6 Bxe4 32. c5 Bc6 33. Bxa6 dxc5 34. Rxd8+ Rxd8 35. Rxc5 Rd4 36. Nc8 Rxb4 37. Ne7+ Kg7 38. Nxc6 Rb1+ 39. Bf1 Nd7 40. Rc2 Nf4 41. Kg1 Nb6 42. Kf2 g5 43. g3 Ng6 44. Bd3 Rh1 45. Nf1 1-0

[Event "POR-chT 52nd"]
[Site "Vila Nova de Gaia"]
[Date "2010.07.30"]
[Round "7.2"]
[White "Appel, Ralf"]
[Black "Grana Lois, Jorge"]
[Result "1-0"]
[WhiteElo "2544"]
[BlackElo "2120"]
[PlyCount "105"]
[EventDate "2010.07.24"]
[EventType "team-tourn"]
[EventRounds "9"]
[EventCountry "POR"]
[SourceTitle "EXT 2011"]
[Source "ChessBase"]
[SourceDate "2010.11.26"]
[SourceVersion "1"]
[SourceVersionDate "2010.11.26"]
[SourceQuality "1"]
[WhiteTeam "Albufeira"]
[BlackTeam "Ferroviarios do Barreiro"]
[WhiteTeamCountry "POR"]
[BlackTeamCountry "POR"]

1. d4 d5 2. Nf3 Nf6 3. Bf4 e6 4. e3 c5 5. c3 Qb6 6. Qb3 c4 7. Qc2 Nc6 8. h3 Bd7 9. Nbd2 h6 10. Ne5 Be7 11. Be2 Qa5 12. Nxd7 Nxd7 13. e4 0-0 14. exd5 exd5 15. 0-0 Rfe8 16. Bf3 Nf6 17. Rfe1 Bf8 18. Be5 Be7 19. Bf4 Bf8 20. Be5 Re6 21. b4 Qd8 22. b5 Ne7 23. Re3 Qd7 24. a4 a6 25. Rb1 Rb6 26. Bxf6 Rxf6 27. Bg4 Qc7 28. Nf3 Ng6 29. Ne5 Bd6 30. Nxg6 Rxg6 31. Rbe1 Bf8 32. Bf3 Rd8 33. Re5 Rgd6 34. bxa6 bxa6 35. h4 R6d7 36. h5 Bd6 37. Re8+ Rxe8 38. Rxe8+ Bf8 39. Qf5 Qc6 40. a5 Rd6 41. Re5 Qc7 42. Bxd5 Rf6 43. Qe4 Qc8 44. g3 Qb8 45. Bxc4 Qb2 46. Qe3 g5 47. hxg6 Qb1+ 48. Kg2 Qxg6 49. Bd3 Qg7 50. Qe2 Rd6 51. Bxa6 Qf6 52. Bb7 Kh8 53. a6 1-0